[Event "TCh-TUR 2nd League 2011"]
[Site "Konya TUR"]
[Date "2011.07.06"]
[Round "3"]
[White "Temel, Burcu Melis"]
[Black "Dogan, Sevval"]
[Result "1/2-1/2"]
[WhiteElo "1595"]
[BlackElo "1667"]
[WhiteTeam "Akdeniz Belediyesi Mersin"]
[BlackTeam "Moda Istanbul"]
[WhiteFideId "6345492"]
[BlackFideId "6322565"]
[EventDate "2011.07.04"]

1. d4 Nf6 2. Nf3 e6 3. Bg5 Be7 4. Nbd2 d5 5. e3 h6 6. Bh4 Bd7 7. Bd3 O-O 8. c3
b6 9. O-O c5 10. Ne5 Nc6 11. Ndf3 c4 12. Bc2 Nh7 13. Bxe7 Qxe7 14. Re1 Nxe5 15.
dxe5 Bc6 16. Nd4 Rac8 17. f4 Rfd8 18. Kh1 Qh4 19. Qf3 Kh8 20. Rg1 Rf8 21. g4 g6
22. Rg3 Qe7 23. Rh3 Kg7 24. Rg1 Bd7 25. f5 Qg5 26. f6+ Nxf6 27. exf6+ Qxf6 28.
Qxf6+ Kxf6 29. Rxh6 Kg7 30. g5 b5 31. a3 a5 32. Ra1 a4 33. Rf1 f5 34. Rf3 e5 35.
Ne2 Bc6 36. e4 dxe4 37. Rf1 Rcd8 38. Ng3 e3+ 39. Kg1 Rd2 40. Rc1 Rfd8 41. Nxf5+
gxf5 42. Rxc6 e2 43. Kf2 e4 44. Rf6 R8d5 45. Ke3 e1=Q+ 46. Rxe1 Rxc2 47. Rf1
Rxb2 48. R6xf5 Rd3+ 49. Kxe4 Re2+ 50. Kf4 Rxc3 51. Rxb5 Rxa3 52. Rc1 c3 53. Rc5
Rxh2 54. R5xc3 Rxc3 55. Rxc3 Rh4+ 56. Kf5 Rd4 57. Rc7+ Kg8 58. g6 Rd5+ 59. Kf6
Rd6+ 60. Kg5 a3 61. Kh6 Rd8 62. Ra7 a2 63. Rxa2 Re8 64. Ra7 Rd8 65. Kg5 Rf8 66.
Kh6 Rd8 67. Rb7 Re8 1/2-1/2

[Event "TCh-TUR 2nd League 2011"]
[Site "Konya TUR"]
[Date "2011.07.06"]
[Round "3"]
[White "Jojua, Davit"]
[Black "Onischuk, Vladimir"]
[Result "1-0"]
[WhiteTitle "GM"]
[BlackTitle "IM"]
[WhiteElo "2505"]
[BlackElo "2490"]
[WhiteTeam "Azdur Ordu"]
[BlackTeam "Ankara Demir"]
[WhiteFideId "13602543"]
[BlackFideId "14114038"]
[EventDate "2011.07.04"]

1. d4 Nf6 2. c4 g6 3. g3 Bg7 4. Bg2 O-O 5. Nc3 d6 6. Nf3 c6 7. O-O a6 8. e4 Bg4
9. h3 Bxf3 10. Qxf3 e5 11. d5 a5 12. Rd1 Na6 13. dxc6 bxc6 14. Qd3 Ra7 15. Be3
Rd7 16. a3 Qb8 17. Na4 c5 18. Rab1 Qc7 19. Nc3 Rb8 20. b3 Qd8 21. h4 Rb6 22. Bh3
Rdb7 23. Nb5 Ne8 24. Qc3 Qe7 25. Qxa5 Nb8 26. Qd2 Nc6 27. Nxd6 Nxd6 28. Qxd6
Qxd6 29. Rxd6 Bf8 30. Rd7 Nd4 31. Rxb7 Rxb7 32. Bxd4 exd4 33. e5 Be7 34. Bg2 Rb6
35. Kf1 f5 36. Ke2 Ra6 37. b4 Rb6 38. b5 Bd8 39. Bd5+ Kg7 40. Kd3 Rb8 41. e6 Kf6
42. Re1 Ba5 43. Re2 Ke7 44. f3 Bb6 45. Bc6 Bc7 46. a4 h6 47. Ra2 Ba5 48. Bd5 Kd6
49. Rb2 Bb6 50. Re2 Ke7 51. g4 fxg4 52. fxg4 Rf8 53. Ra2 Ba5 54. Rb2 Rb8 55. Rf2
Rf8 56. Rb2 Rb8 57. g5 hxg5 58. hxg5 Rh8 59. b6 Rh3+ 60. Ke4 Ra3 61. Kf4 d3 62.
Rh2 d2 63. Rh7+ Kd8 64. e7+ Kd7 65. Ke4 1-0

[Event "TCh-TUR 2nd League 2011"]
[Site "Konya TUR"]
[Date "2011.07.06"]
[Round "3"]
[White "Allahverdiev, Anar"]
[Black "Sivri, Gorkem"]
[Result "1-0"]
[WhiteTitle "IM"]
[WhiteElo "2421"]
[BlackElo "2207"]
[WhiteTeam "Ankara Demir"]
[BlackTeam "Azdur Ordu"]
[WhiteFideId "13400347"]
[BlackFideId "6301266"]
[EventDate "2011.07.04"]

1. c4 e5 2. Nc3 Nf6 3. g3 Bb4 4. Bg2 Bxc3 5. dxc3 h6 6. e4 O-O 7. Ne2 Nc6 8. O-O
d6 9. h3 Be6 10. b3 a6 11. Be3 Nd7 12. g4 b5 13. cxb5 axb5 14. Qd2 Ra6 15. Ng3
f6 16. Rac1 Kh7 17. Rfd1 Ne7 18. Nf5 Bxf5 19. exf5 Qb8 20. c4 bxc4 21. bxc4 Nc8
22. a4 Nc5 23. Bxc5 dxc5 24. Rb1 Rb6 25. Qa2 Nd6 26. a5 Rxb1 27. Rxb1 Qa7 28.
Bd5 Rb8 29. Rxb8 Qxb8 30. a6 Qa7 31. Qa4 h5 32. g5 fxg5 33. Qd7 Qb6 34. a7 Qb1+
35. Kg2 Nxf5 36. a8=Q 1-0

[Event "TCh-TUR 2nd League 2011"]
[Site "Konya TUR"]
[Date "2011.07.06"]
[Round "3"]
[White "Metin, Mehmet"]
[Black "Uzunoglu, Efe Kerem"]
[Result "1-0"]
[WhiteElo "2166"]
[BlackElo "2064"]
[WhiteTeam "Azdur Ordu"]
[BlackTeam "Ankara Demir"]
[WhiteFideId "6303730"]
[BlackFideId "6306276"]
[EventDate "2011.07.04"]

1. e4 c5 2. Nf3 d6 3. c3 Nf6 4. Be2 g6 5. O-O Bg7 6. Qc2 e5 7. d4 Nbd7 8. dxe5
dxe5 9. Rd1 Qc7 10. Na3 a6 11. Nc4 O-O 12. a4 b6 13. Nd6 Bb7 14. Nxb7 Qxb7 15.
Nd2 b5 16. f3 c4 17. Nf1 Nc5 18. axb5 axb5 19. Be3 Nb3 20. Rxa8 Rxa8 21. Nd2
Nxd2 22. Rxd2 Bf8 23. g3 Qc6 24. Kg2 Bc5 25. Bg5 Nd7 26. Qd1 Ra7 27. b3 Bf8 28.
Be3 Rc7 29. bxc4 bxc4 30. Rd5 f6 31. Qf1 Kg7 32. Bxc4 Nb6 33. Bxb6 Qxb6 34. Qd3
Qc6 35. Bb5 Qxc3 36. Rd7+ Kh6 37. Qxc3 Rxc3 38. Rf7 Bg7 39. h4 Rb3 40. Bc4 Rb6
41. g4 g5 42. hxg5+ fxg5 43. Rd7 Rf6 44. Bf7 Rf4 45. Be6 Rf6 46. Bf5 Ra6 47. Kf2
Rb6 48. Ke2 Ra6 49. Kd3 Rb6 50. Kc4 Ra6 51. Kc5 Rf6 52. Kb5 Rf8 53. Kc5 Rf6 54.
Ra7 Rf8 55. Kb5 Rf6 56. Ra2 Bf8 57. Rh2+ Kg7 58. Rxh7+ Kg8 59. Rb7 Rd6 60. Bh7+
Kh8 61. Bf5 Kg8 62. Bh7+ Kh8 63. Rf7 Bg7 64. Bf5 Rf6 65. Rd7 Rf8 66. Kc5 Re8 67.
Kd5 Ra8 68. Ke6 Kg8 69. Bg6 Rf8 70. Bf7+ Kh7 71. Rd2 Bh6 72. Kf6 Bg7+ 73. Ke7
Ra8 74. Rh2+ Bh6 75. Kf6 Rf8 76. Rh1 Rh8 77. Kxe5 Kg7 78. Be6 Re8 79. Rb1 Kg6
80. Rb6 Bg7+ 81. Kd5 Rd8+ 82. Bd7+ Kf7 83. Kc6 Ke7 84. Rb7 Be5 85. Bf5+ Kf6 86.
Rh7 Rd3 87. Rh6+ Kf7 88. Re6 Bf4 89. e5 Rxf3 90. Rf6+ Ke7 91. Re6+ Kf7 92. Kd7
Ra3 93. Rf6+ Kg7 94. Rg6+ Kf8 95. e6 Ra7+ 96. Kc6 Ra6+ 97. Kb7 Rd6 98. Rf6+ Ke8
99. Rh6 Ke7 100. Rh7+ Ke8 101. Bg6+ 1-0

[Event "TCh-TUR 2nd League 2011"]
[Site "Konya TUR"]
[Date "2011.07.06"]
[Round "3"]
[White "Ahmedov, Ziya"]
[Black "Guner, Sati Emre"]
[Result "1-0"]
[WhiteElo "2045"]
[BlackElo "2105"]
[WhiteTeam "Ankara Demir"]
[BlackTeam "Azdur Ordu"]
[WhiteFideId "6309259"]
[BlackFideId "6304192"]
[EventDate "2011.07.04"]

1. e4 e5 2. Nf3 Nc6 3. Nc3 Nf6 4. d4 Bb4 5. Nxe5 O-O 6. Qd3 d5 7. Nxc6 bxc6 8.
e5 Ne4 9. Bd2 Bxc3 10. Bxc3 Bf5 11. Qe3 f6 12. O-O-O c5 13. dxc5 fxe5 14. Bxe5
Qd7 15. Bc4 c6 16. f3 Rae8 17. f4 Qe7 18. Rxd5 cxd5 19. Bxd5+ Kh8 20. Bxe4 Bxe4
21. Qxe4 Qxc5 22. Re1 Re7 23. g3 Rc8 24. Rd1 Qf2 25. b3 Qc5 26. Kb2 a5 27. a4
Rb7 28. Rd8+ Rxd8 29. Qxb7 Qf8 30. g4 Kg8 31. h4 Qf7 32. Qc6 h6 33. h5 Rd5 34.
Bc3 Rd1 35. g5 Qxf4 36. Qe8+ Qf8 37. Qe6+ Qf7 38. Qg4 Qf1 39. gxh6 Rb1+ 40. Ka2 1-0

[Event "TCh-TUR 2nd League 2011"]
[Site "Konya TUR"]
[Date "2011.07.06"]
[Round "3"]
[White "Tsereteli, Tamar"]
[Black "Arig, Busra"]
[Result "1-0"]
[WhiteTitle "WGM"]
[WhiteElo "2379"]
[BlackElo "1791"]
[WhiteTeam "Azdur Ordu"]
[BlackTeam "Ankara Demir"]
[WhiteFideId "13602470"]
[BlackFideId "6309356"]
[EventDate "2011.07.04"]

1. e4 e5 2. Nf3 Nf6 3. Nc3 Nc6 4. Bb5 Bb4 5. O-O O-O 6. d3 Bxc3 7. bxc3 d6 8.
Bxc6 bxc6 9. h3 Re8 10. Bg5 h6 11. Bh4 d5 12. Qc1 Qd6 13. Bg3 Nh5 14. Bh2 dxe4
15. dxe4 Qf6 16. Qe3 g5 17. Ne1 Nf4 18. Nd3 Ba6 19. Rfd1 Bc4 20. Qc5 Qe6 21.
Bxf4 exf4 22. f3 a5 23. Nb2 Ba6 24. a4 Red8 25. Rxd8+ Rxd8 26. Qxa5 Be2 27. Qf5
Qd6 28. Nd3 Bxd3 29. cxd3 Qxd3 30. h4 Qxc3 31. Rf1 Qd4+ 32. Kh1 Qxa4 33. Rg1 Qd4
34. hxg5 Qg7 35. Qxf4 hxg5 36. Qxc7 Qh6+ 37. Qh2 Qxh2+ 38. Kxh2 c5 39. Rc1 Rc8
40. Kg3 Kg7 41. Kf2 Kf6 42. Ke3 Ke5 43. Rd1 Ke6 44. Rd5 f6 45. Kd3 Rc6 46. Kc4
Rc8 47. g3 Rc7 48. f4 gxf4 49. gxf4 Rc8 50. Rxc5 Re8 51. Rc6+ Kd7 52. Kd5 Ke7
53. Re6+ Kf7 54. Rxe8 1-0

[Event "TCh-TUR 2nd League 2011"]
[Site "Konya TUR"]
[Date "2011.07.06"]
[Round "3"]
[White "Bayrak, Kaan Baris"]
[Black "Ikis, Melih Firat"]
[Result "1-0"]
[WhiteElo "1825"]
[BlackElo "1866"]
[WhiteTeam "Ankara Demir"]
[BlackTeam "Azdur Ordu"]
[WhiteFideId "6327907"]
[BlackFideId "6327680"]
[EventDate "2011.07.04"]

1. e4 c5 2. d4 cxd4 3. c3 d3 4. c4 Nc6 5. Bxd3 g6 6. Nf3 Bg7 7. Nc3 Nf6 8. O-O
O-O 9. Qe2 d6 10. h3 Nd7 11. Rd1 Nde5 12. Nxe5 Nxe5 13. f4 Nxd3 14. Qxd3 Qb6+
15. Kh1 Be6 16. f5 Bd7 17. Nd5 Qd8 18. Bg5 f6 19. Be3 b6 20. Nf4 Qe8 21. Qd5+
Kh8 22. Ne6 Bxe6 23. Qxe6 Qf7 24. Qxf7 Rxf7 25. b4 Rc8 26. Rac1 Rff8 27. c5 bxc5
28. bxc5 dxc5 29. Rxc5 Kg8 30. Rd7 gxf5 31. exf5 a6 32. Ra5 Rc6 33. Rxe7 Rd8 34.
Ra7 Rd3 35. Bf4 Rd4 36. Bg3 Rd3 37. Kh2 Rcc3 38. Bf4 Rd4 39. Ra8+ Kf7 40. R5xa6
Bf8 41. R6a7+ Be7 42. Bh6 Rd7 43. Rxd7 Rxh3+ 44. Kg1 Rh1+ 45. Kf2 Rf1+ 46. Ke2
Re1+ 47. Kd3 1-0

[Event "TCh-TUR 2nd League 2011"]
[Site "Konya TUR"]
[Date "2011.07.06"]
[Round "3"]
[White "Gundogan, Cem"]
[Black "Karabayir, Mustafa Yilmaz"]
[Result "0-1"]
[WhiteElo "1823"]
[BlackElo "1881"]
[WhiteTeam "Azdur Ordu"]
[BlackTeam "Ankara Demir"]
[WhiteFideId "6311032"]
[BlackFideId "6300090"]
[EventDate "2011.07.04"]

1. e4 c5 2. Nf3 a6 3. c3 e6 4. d4 cxd4 5. cxd4 Nf6 6. Bd3 d6 7. O-O Be7 8. Nc3
Nc6 9. a3 O-O 10. b4 b5 11. Bb2 Bb7 12. Rc1 a5 13. Qb3 axb4 14. axb4 d5 15. e5
Ne4 16. Nxe4 dxe4 17. Bxe4 Nxd4 18. Bxh7+ Kxh7 19. Nxd4 Ra4 20. Rc3 Rxb4 21.
Rh3+ Kg8 22. Qc2 g6 23. Qd2 Qd5 24. f3 f5 25. Qh6 Kf7 26. Nxf5 exf5 27. Ba3 Qd4+
28. Kh1 Qd3 29. Qh7+ Ke8 30. Qxg6+ Kd7 31. Re1 Qxa3 32. Rh7 Rc4 33. Qb6 Kc8 34.
Qxb5 Rc7 35. Qe2 Rg8 36. h3 f4 37. Kh2 Qc3 38. Rd1 Kb8 39. Rd2 Qc5 40. Rb2 Bh4
41. Rxh4 Qe3 42. Qb5 Qe1 43. Rg4 Rxg4 44. Qe8+ Rc8 45. Rxb7+ Kxb7 46. Qb5+ Ka7
47. Qd7+ Kb8 48. Qb5+ Ka7 49. Qd7+ Kb6 50. Qxg4 Rc5 51. Qxf4 Rxe5 52. Qf6+ Kc7
53. Qf7+ Kd6 54. Qf8+ Re7 55. Qd8+ Rd7 56. Qb6+ Ke7 57. Qc5+ Kd8 58. Qb6+ Ke8
59. Qg6+ Rf7 60. Qc6+ Kf8 61. Qh6+ Rg7 62. Qh8+ Kf7 63. Qh5+ Kg8 64. Qd5+ Kf8
65. Qf5+ Rf7 66. Qc8+ Qe8 67. Qc5+ Qe7 68. Qc8+ Kg7 69. Qg4+ Kh8 70. Qh5+ Rh7
71. Qf5 Qc7+ 72. Kh1 Re7 73. Qh5+ Kg8 74. Qg5+ Kf8 75. Qh6+ Rg7 76. Qf6+ Ke8 77.
Qe6+ Qe7 78. Qc8+ Kf7 79. Qf5+ Qf6 80. Qh5+ Kg8 81. Qe8+ Kh7 82. Qh5+ Qh6 83.
Qf5+ Qg6 84. Qxg6+ Kxg6 85. Kh2 Kf5 86. g3 Rd7 87. h4 Rd2+ 88. Kh3 Rf2 89. f4
Rd2 90. h5 Rd1 91. h6 Rh1+ 92. Kg2 Rxh6 93. Kf3 Rh3 94. Kg2 Kg4 0-1

[Event "TCh-TUR 2nd League 2011"]
[Site "Konya TUR"]
[Date "2011.07.06"]
[Round "4"]
[White "Tregubov, Pavel V."]
[Black "Kobalia, Mikhail"]
[Result "0-1"]
[WhiteTitle "GM"]
[BlackTitle "GM"]
[WhiteElo "2602"]
[BlackElo "2679"]
[WhiteTeam "Erbakir Denizli"]
[BlackTeam "Ceyhan Belediye Adana"]
[WhiteFideId "4115341"]
[BlackFideId "4119150"]
[EventDate "2011.07.04"]

1. d4 Nf6 2. c4 e6 3. Nf3 d5 4. Nc3 c6 5. Bg5 h6 6. Bxf6 Qxf6 7. e3 Nd7 8. Bd3
dxc4 9. Bxc4 g6 10. O-O Bg7 11. e4 O-O 12. e5 Qe7 13. Re1 Rb8 14. Bd3 b6 15. Rc1
Bb7 16. Be4 Rfc8 17. h3 b5 18. b3 Nb6 19. Bd3 Nd7 20. Ne4 c5 21. Nd6 Rd8 22.
Rxc5 Bxf3 23. Qxf3 Bxe5 24. Rcxe5 Qxd6 25. Rxb5 Rxb5 26. Bxb5 Qxd4 27. Rc1 Nf6
28. Bc6 Qb2 29. Rc4 Kg7 30. Ra4 Qc2 31. Bb5 Rd1+ 32. Bf1 Re1 33. g3 Qb1 34. Rf4
Qa1 35. Kg2 g5 36. Ra4 Rxf1 37. Rxa7 Rd1 38. b4 Qd4 39. Rb7 Rd3 0-1

[Event "TCh-TUR 2nd League 2011"]
[Site "Konya TUR"]
[Date "2011.07.06"]
[Round "4"]
[White "Goksel, Doga Cihan"]
[Black "Karatekin, Tamer"]
[Result "0-1"]
[BlackTitle "FM"]
[WhiteElo "2281"]
[BlackElo "2263"]
[WhiteTeam "Ceyhan Belediye Adana"]
[BlackTeam "Erbakir Denizli"]
[WhiteFideId "6301924"]
[BlackFideId "6301134"]
[EventDate "2011.07.04"]

1. Nf3 Nf6 2. c4 c5 3. g3 Nc6 4. Bg2 g6 5. O-O d6 6. d4 cxd4 7. Nxd4 Bd7 8. Nb3
a5 9. a4 Bg7 10. Nc3 O-O 11. c5 d5 12. Bg5 Ne4 13. Nxe4 dxe4 14. Bxe4 Qc8 15.
Qd2 Rd8 16. Rfd1 Be6 17. Qe3 Bxb2 18. Rxd8+ Qxd8 19. Rb1 Bg7 20. Bd3 Qd5 21. Bf4
Rd8 22. Bc7 Rd7 23. Bxa5 Nxa5 24. Nxa5 Bd4 25. Qe4 Bxf2+ 26. Kxf2 Qxc5+ 27. Qe3
Qxa5 28. Bb5 Rd6 29. Rc1 Qd8 30. Qa7 Bd5 31. Rc3 Rf6+ 32. Ke1 Bg2 33. Bd3 e5 34.
e4 b6 35. Qb7 0-1

[Event "TCh-TUR 2nd League 2011"]
[Site "Konya TUR"]
[Date "2011.07.06"]
[Round "4"]
[White "Polatel, Ali"]
[Black "Ozkan, Ervin"]
[Result "0-1"]
[WhiteElo "2131"]
[BlackElo "2219"]
[WhiteTeam "Erbakir Denizli"]
[BlackTeam "Ceyhan Belediye Adana"]
[WhiteFideId "6303196"]
[BlackFideId "6306004"]
[EventDate "2011.07.04"]

1. Nf3 d5 2. d4 Nf6 3. c4 c6 4. cxd5 cxd5 5. Nc3 Nc6 6. Bf4 Nh5 7. Bg5 h6 8. Bd2
g6 9. Qb3 e6 10. O-O-O Nf6 11. Bf4 Bd6 12. Be5 O-O 13. Bxf6 Qxf6 14. e3 Rb8 15.
Kb1 b5 16. Bd3 Na5 17. Qc2 Nc4 18. e4 b4 19. e5 bxc3 20. Bxc4 Qd8 21. Bb3 Bb4
22. bxc3 Ba3 23. Ka1 Qa5 24. Nd2 Ba6 25. Nb1 Be7 26. Rhe1 Rb7 27. f4 Rfb8 28.
Nd2 Rc7 29. Re3 Rbc8 30. Nb1 Bb5 31. h4 Qb6 32. h5 g5 33. f5 a5 34. fxe6 Qxe6
35. Qf2 Rb8 36. Bc2 Rcb7 37. Nd2 Ba3 38. Rb1 Bd7 39. Rb3 Be7 40. Qe2 a4 41. Qd3
Kf8 42. Qh7 Ke8 43. Rxb7 Rxb7 44. Rf3 Kd8 45. Rf1 Qc6 46. Qd3 Ba3 47. Rb1 Bf5
48. Bxa4 Qc8 49. Qf3 Bxb1 50. Qxd5+ Ke7 51. Nc4 Bf5 52. Bb3 Be6 53. Qa5 Bb4 54.
cxb4 Bxc4 55. b5 Bxb3 56. Qa3+ Ke8 57. axb3 Qc3+ 58. Ka2 Rxb5 59. Qa4 Qa5 60.
Qxa5 Rxa5+ 61. Kb2 Kd7 62. Kc3 Kc6 63. Kc4 Rd5 64. b4 Rb5 65. g4 Rd5 66. Kd3 f6
67. Ke4 fxe5 68. dxe5 Rb5 69. Kf5 Kd5 70. e6 Rb6 71. b5 Rxe6 72. b6 Rd6 73. b7
Rb6 0-1

[Event "TCh-TUR 2nd League 2011"]
[Site "Konya TUR"]
[Date "2011.07.06"]
[Round "4"]
[White "Ertan, Can"]
[Black "Demiralp, Murat"]
[Result "1-0"]
[WhiteElo "2201"]
[BlackElo "2097"]
[WhiteTeam "Ceyhan Belediye Adana"]
[BlackTeam "Erbakir Denizli"]
[WhiteFideId "6306330"]
[BlackFideId "6301894"]
[EventDate "2011.07.04"]

1. e4 e6 2. d4 d5 3. Nc3 Bb4 4. exd5 exd5 5. Nf3 Bf5 6. Bd3 Ne7 7. O-O O-O 8.
Ne2 Bd6 9. Re1 Nd7 10. Bg5 f6 11. Bf4 Re8 12. Bxd6 cxd6 13. Nf4 Bxd3 14. Qxd3
Nb6 15. h4 Qd7 16. h5 Nf5 17. b3 Nh6 18. a4 Qc6 19. a5 Nd7 20. Re3 Rxe3 21. Qxe3
Nf8 22. Re1 Qxc2 23. Nxd5 Ng4 24. Qf4 Qxf2+ 25. Kh1 Nh6 26. Re7 f5 27. Nf6+ Kh8
28. Qg5 Nf7 29. Rxf7 Ne6 30. Qh6 1-0

[Event "TCh-TUR 2nd League 2011"]
[Site "Konya TUR"]
[Date "2011.07.06"]
[Round "4"]
[White "Gurcan, Aytolun"]
[Black "Batsiashvili, Nino"]
[Result "0-1"]
[BlackTitle "WGM"]
[WhiteElo "1673"]
[BlackElo "2381"]
[WhiteTeam "Erbakir Denizli"]
[BlackTeam "Ceyhan Belediye Adana"]
[WhiteFideId "6325688"]
[BlackFideId "13602993"]
[EventDate "2011.07.04"]

1. e4 c6 2. d4 d5 3. Nc3 dxe4 4. Nxe4 Bf5 5. Ng3 Bg6 6. h4 h6 7. h5 Bh7 8. Nf3
Nd7 9. Bd3 Bxd3 10. Qxd3 e6 11. Bd2 Ngf6 12. O-O-O Be7 13. c4 O-O 14. Bc3 a5 15.
a3 Qc7 16. Qe2 b5 17. c5 Nd5 18. Qd2 Rfb8 19. b4 axb4 20. Bxb4 N7f6 21. Rhe1 Ra4
22. Ne5 Nxb4 23. axb4 Nd5 24. Ne4 Rxb4 25. Nd3 Rxd4 0-1

[Event "TCh-TUR 2nd League 2011"]
[Site "Konya TUR"]
[Date "2011.07.06"]
[Round "4"]
[White "Savran, Suleyman"]
[Black "Serin, Sarper"]
[Result "1/2-1/2"]
[WhiteElo "1874"]
[BlackElo "1745"]
[WhiteTeam "Erbakir Denizli"]
[BlackTeam "Ceyhan Belediye Adana"]
[WhiteFideId "6313132"]
[BlackFideId "6311709"]
[EventDate "2011.07.04"]

1. d4 d5 2. c4 Nf6 3. cxd5 Nxd5 4. e4 Nf6 5. Nc3 e6 6. a3 Be7 7. Be3 O-O 8. h3
Nbd7 9. Nf3 b6 10. Bd3 Bb7 11. O-O c5 12. Bc2 cxd4 13. Bxd4 Bc5 14. Re1 Qe7 15.
Bxc5 Nxc5 16. e5 Nd5 17. Nb5 Nd7 18. Nbd4 Rfd8 19. Qd3 Nf8 20. Re4 Ng6 21. Rg4
Rac8 22. h4 Ndf4 23. Rxf4 Rxc2 24. Rxf7 Qxf7 25. Qxc2 Qe7 26. Rd1 Qc5 27. Qb3
Bxf3 28. Nxf3 Rxd1+ 29. Qxd1 h6 30. Qe2 Kf7 31. g3 b5 32. Kh2 a6 33. Kg2 Qd5 34.
h5 Ne7 35. Qd2 Qe4 36. Qf4+ Qxf4 37. gxf4 Nd5 38. Kg3 Nb6 39. Nd2 g6 40. Kg4 Nd5
41. hxg6+ Kxg6 42. Ne4 a5 43. Ng3 Nb6 44. b3 a4 45. bxa4 bxa4 46. Ne2 Nc4 47.
Nc3 Nxa3 48. Nxa4 Nc4 49. Nc5 h5+ 50. Kf3 Kf5 51. Ne4 Kg6 52. Kg3 Nb2 53. Nc5
Kf5 54. Kf3 Nc4 55. Ne4 Kg6 56. Nd6 Nd2+ 57. Kg3 Nf1+ 58. Kh4 Nd2 59. Kh3 Nf3
60. Kg3 Nd4 61. Kg2 Ne2 62. Kf3 Nc3 63. Nc4 h4 64. Ne3 h3 65. Kg3 Ne2+ 66. Kxh3
Nxf4+ 67. Kg4 Nd3 68. f4 Ne1 69. Kg3 Nd3 70. Kf3 Nc5 71. Nc2 Kh6 72. Nd4 Kh5 73.
Nc6 Kh4 74. Nd8 Kh5 75. Nf7 Kg6 76. Nd6 Kh5 77. Ke3 Kg4 78. Ne8 Kf5 79. Kf3 Kg6
80. Ke3 Kf5 81. Nd6+ Kg4 82. Nf7 Kf5 83. Kd4 Nd7 84. Ke3 Nc5 85. Nh6+ Kg6 86.
Ng4 Kf5 87. Nf2 Nd7 88. Nd3 Nb6 89. Nc5 Nd5+ 90. Kd4 Nxf4 91. Nxe6 Nxe6+ 1/2-1/2

[Event "TCh-TUR 2nd League 2011"]
[Site "Konya TUR"]
[Date "2011.07.06"]
[Round "4"]
[White "Yilmaz, Fatma Zumrut"]
[Black "Cemhan, Kardelen"]
[Result "0-1"]
[WhiteElo "1562"]
[BlackElo "1815"]
[WhiteTeam "Ceyhan Belediye Adana"]
[BlackTeam "Erbakir Denizli"]
[WhiteFideId "6325173"]
[BlackFideId "6325670"]
[EventDate "2011.07.04"]

1. e4 c5 2. d4 cxd4 3. c3 Nf6 4. e5 Nd5 5. cxd4 b6 6. Nf3 e6 7. Bc4 Bb7 8. O-O
d6 9. Qe2 dxe5 10. dxe5 Be7 11. Rd1 O-O 12. Bxd5 exd5 13. Nd4 Re8 14. f4 Nc6 15.
Be3 Nxd4 16. Bxd4 Qd7 17. Nd2 Rac8 18. Nb3 Rc7 19. Qf3 Rec8 20. f5 g6 21. e6
fxe6 22. fxg6 hxg6 23. Qg4 Bf8 24. Rf1 Bg7 25. Qxg6 Qe8 26. Qg3 e5 27. Be3 d4
28. Bh6 Kh7 29. Bg5 Qg6 30. h4 Rc2 31. Rac1 Rxg2+ 32. Qxg2 Bxg2 33. Kxg2 Qe4+
34. Kg1 Qg4+ 35. Kh1 Qh3+ 36. Kg1 Rxc1 37. Rxc1 Kg6 38. Rf1 e4 39. Nd2 e3 40.
Nf3 e2 41. h5+ Kxh5 0-1

[Event "TCh-TUR 2nd League 2011"]
[Site "Konya TUR"]
[Date "2011.07.06"]
[Round "4"]
[White "Annaberdiev, Meilis"]
[Black "Zhigalko, Sergei"]
[Result "0-1"]
[WhiteTitle "IM"]
[BlackTitle "GM"]
[WhiteElo "2459"]
[BlackElo "2689"]
[WhiteTeam "Akdeniz Belediyesi Mersin"]
[BlackTeam "Kahramanmaras Belediye"]
[WhiteFideId "14000563"]
[BlackFideId "13502956"]
[EventDate "2011.07.04"]

1. d4 Nf6 2. Nf3 e6 3. Bg5 c5 4. e3 Qb6 5. Nbd2 Qxb2 6. Bxf6 gxf6 7. Bd3 cxd4 8.
exd4 Bg7 9. O-O f5 10. Nc4 Qb4 11. Rb1 Qe7 12. d5 O-O 13. Re1 Qc5 14. Ne3 d6 15.
Rb5 Qc7 16. dxe6 fxe6 17. Bxf5 exf5 18. Nd5 Qd7 19. Ne7+ Kh8 20. Ng5 Be5 21.
Nxh7 Qxe7 22. Nxf8 Qxf8 23. f4 Nc6 24. fxe5 dxe5 25. Qh5+ Kg7 26. Re3 f4 27.
Qg5+ Kf7 28. Rexe5 Nxe5 29. Rxe5 Be6 30. Re4 Qd6 31. Rxf4+ Ke8 32. c3 Qb6+ 33.
Kf1 Qb1+ 34. Kf2 Qb2+ 35. Kg3 Qxc3+ 36. Rf3 Qe1+ 37. Kf4 Qb4+ 38. Kg3 Qd6+ 39.
Kf2 Qd4+ 40. Re3 Kd7 41. Qh6 Re8 42. Qh7+ Kc8 0-1

[Event "TCh-TUR 2nd League 2011"]
[Site "Konya TUR"]
[Date "2011.07.06"]
[Round "4"]
[White "Isik, Engin Yasar"]
[Black "Dogan, Nazmi Can"]
[Result "1/2-1/2"]
[WhiteElo "2215"]
[BlackElo "2093"]
[WhiteTeam "Kahramanmaras Belediye"]
[BlackTeam "Akdeniz Belediyesi Mersin"]
[WhiteFideId "6301886"]
[BlackFideId "6309658"]
[EventDate "2011.07.04"]

1. e4 e5 2. Nf3 Nc6 3. Bb5 a6 4. Ba4 Nf6 5. O-O Be7 6. Re1 b5 7. Bb3 d6 8. c3
O-O 9. h3 Na5 10. Bc2 c5 11. d4 Nd7 12. Nbd2 exd4 13. cxd4 Nc6 14. d5 Nce5 15.
Nxe5 Nxe5 16. f4 Ng6 17. Nf3 Bh4 18. Rf1 Bg3 19. f5 Ne5 20. b3 Nxf3+ 21. Qxf3
Be5 22. Rb1 a5 23. Bd3 Bd7 24. Be3 Qe7 25. Bf4 f6 26. Qg3 1/2-1/2

[Event "TCh-TUR 2nd League 2011"]
[Site "Konya TUR"]
[Date "2011.07.06"]
[Round "4"]
[White "Kilic, Ihsan"]
[Black "Ozturk, Emir"]
[Result "0-1"]
[WhiteElo "2058"]
[BlackElo "2190"]
[WhiteTeam "Akdeniz Belediyesi Mersin"]
[BlackTeam "Kahramanmaras Belediye"]
[WhiteFideId "6305334"]
[BlackFideId "6302408"]
[EventDate "2011.07.04"]

1. e4 c6 2. Nc3 d5 3. Nf3 Bg4 4. h3 Bxf3 5. Qxf3 Nf6 6. d3 e6 7. g4 Bb4 8. Bd2
d4 9. Nb1 Qb6 10. b3 a5 11. a3 Bd6 12. Qe2 Qc7 13. Bg2 h6 14. O-O Bh2+ 15. Kh1
g5 16. c3 c5 17. a4 Nc6 18. Na3 Bf4 19. Nb5 Qe5 20. Rac1 h5 21. Bxf4 gxf4 22.
cxd4 cxd4 23. g5 Ng4 24. Bf3 Qxg5 25. Nc7+ Ke7 26. Nxa8 Nce5 27. Nb6 Qh4 28.
Nd5+ exd5 29. Bg2 f3 30. Rc7+ Kd6 31. Qc2 fxg2+ 32. Kxg2 Ne3+ 33. fxe3 Rg8+ 0-1

[Event "TCh-TUR 2nd League 2011"]
[Site "Konya TUR"]
[Date "2011.07.06"]
[Round "4"]
[White "Yalim, Suleyman"]
[Black "Gurel, Ahmet Unal"]
[Result "1-0"]
[WhiteElo "2129"]
[BlackElo "2019"]
[WhiteTeam "Kahramanmaras Belediye"]
[BlackTeam "Akdeniz Belediyesi Mersin"]
[WhiteFideId "6301665"]
[BlackFideId "6307400"]
[EventDate "2011.07.04"]

1. e4 e5 2. Nf3 Nc6 3. Bb5 a6 4. Ba4 Nf6 5. O-O Be7 6. Re1 b5 7. Bb3 d6 8. c3
O-O 9. h3 Na5 10. Bc2 c5 11. d4 Nd7 12. Nbd2 exd4 13. cxd4 Nc6 14. Nf1 Bf6 15.
Be3 Qb6 16. e5 cxd4 17. Nxd4 dxe5 18. Ne6 Nd4 19. Nxf8 Nxf8 20. Ng3 g6 21. Bxd4
exd4 22. Re8 Bb7 23. Rxa8 Bxa8 24. Be4 Bxe4 25. Nxe4 Be7 26. Rc1 Ne6 27. Qc2 Kg7
28. Qc6 Qa5 29. Qd5 Qd8 30. Qxd8 Bxd8 31. Kf1 Nf4 32. Rc6 Nd3 33. Rd6 Be7 34.
Rxd4 Nxb2 35. Rd7 Bb4 36. Ra7 a5 37. Rb7 Nc4 38. Rxb5 f5 39. Rb7+ Kh6 40. Nf6
Nd6 41. Rxh7+ Kg5 42. Nd5 Bd2 43. Ke2 Ne4 44. f3 Nc3+ 45. Kxd2 Nxd5 46. g3 Nb4
47. h4+ Kf6 48. Ra7 Nxa2 49. Rxa5 Nb4 50. Kc3 1-0